000 00593nam a2200193Ia 4500
005 20250508165820.0
008 008 250505s9999 xx 000 0 eng d
037 _aDissertations
040 _aFEDL
_beng
_cFEDL
041 _aeng
_2eng
084 _a371.1, POO/DI
_qFEDL
100 _aPooja
245 0 _aQualitative study on the perceptions of teachers about the need, significance and exercise of teacher's rights
260 _c2017
300 _a72p.
546 _aM.Ed. Dissertation, (Delhi University)
942 _cDIS
_h371.1, POO/DI
999 _c1397631
_d1397631